Statistics for why dont we do a quiz about why dont we!?

Click here to take the quiz!

General Stats

  • This quiz has been taken 54 times
  • The average score is 10 of 15

Answer Stats

we did it for the hell of it, we did it for the good times and the bad ones.i'll be okay% Correct
you are my musefallin'
89%
work all day work all night, might not get no sleep tonight.big plans
83%
But then you kiss my neck, and take a bitehooked
83%
i can't breathe but i'm livingin too deep
81%
we're dancing on the edge, of anxiety's ledgebe myself
69%
every drip couldn't let you go to wasteunbelievable
69%
long december nights are what i've been waiting forchills
67%
big bubble, lil waste linecome to brazil
67%
got my attention now i want morelotus inn
58%
i really miss the old me, maybe he was betterfor you
53%
i just wish things would be like they used to.stay
53%
lately i've been working on myself, never been the type to ask for help.love song
50%
it's been too long i'm missing your kissgrey
47%
not so fast, i think we need to slow downlook at me
47%
been looking for a woman like you for all my life.what am i
42%

Score Distribution

Percentile by Number Answered

Percent of People with Each Score

Your Score History

You have not taken this quiz